000 00809cam#a2200277 4500
001 58144
003 CO-BoRNBP
005 20250819152459.0
007 ta
008 000000s1992 ck a gr 000 f spa d
020 _a9580700796
020 _a9789580700791
040 _aCO-MaBPM
_bspa
_dCO-BoBN
_c0
082 0 4 _a843.914
_223
084 _aC GAU
100 _aGauthier, Gilles,
_d1943-
245 1 0 _aBabucha mia, para siempre /
_cGilles Gauthier ; ilustraciones, Pierre-André Derome
250 _a1a. edición
300 _a60 p. :
_bil.
336 _2rdacontent
_atexto
_btxt
337 _2rdamedia
_asin mediación
_bn
338 _2rdacarrier
_avolumen
_bnc
650 1 4 _aNovela canadiense
_ySiglo XX
_2LEMB
_962552
700 0 _aDerome, Pierre-André,
_d1952-,
_eilustrador
_962553
942 _2ddc
_cBK
999 _c58144
_d58144